Les meilleurs buteurs en Premier League sur la saison 2023/2024 - Statistiques

Statistiques générales
  • Ce quiz a été pris 65 fois
  • Le résultat moyen est 6 sur 10
Statistiques - réponses
Nombre de Buts Joueurs % Correct
27 Erling Haaland
100%
18 Mohamed Salah
86%
22 Cole Palmer
78%
19 Phil Foden
78%
16 Bukayo Saka
72%
17 Heung Min Son
72%
19 Ollie Watkins
71%
21 Alexander Isak
34%
19 Dominic Solanke
33%
16 Jarrod Bowen
21%
Aucun quiz correspondant
Distribution des résultats
% des personnes avec chaque résultat
Percentile par nombre de réponses
Votre historique - résultats
Vous n’avez pas pris ce quiz